| 000 | 00364nam a2200157Ia 4500 | ||
|---|---|---|---|
| 005 | 20250522013628.0 | ||
| 008 | 240331s9999 xx 000 0 und d | ||
| 020 | _a8177200143 | ||
| 082 |
_a301 _bSHO |
||
| 100 | _aShobashakthy,S | ||
| 245 | 0 | _aKaruppu | |
| 260 |
_aPuthanatham _bAdaiyalam _c2002 |
||
| 300 | _a376 p ., | ||
| 650 | _aLiterary Souvenir | ||
| 942 | _cL | ||
| 999 |
_c1018 _d1018 |
||